000 00768cam a2200253 4500
001 ABS66335
008 030204n2003 000 0 eng u
035 _a(Sirsi) u121242
245 _aRegional survey: Cheshire an north Wales
260 _c2003
490 _aProperty Week
_v68(2) 17 January 2003, 39-50(8)
590 _aABS
650 _aCHESHIRE
650 _aNORTH WALES
650 _aPROPERTY-COMMERCIAL PROPERTY-OFFICE PROPERTY-OFFICE PROPERTY MARKET
650 _aPROPERTY-COMMERCIAL PROPERTY-RETAIL PROPERTY-RETAIL PROPERTY MARKET
650 _aINDUSTRIAL MARKET
650 _aWARRINGTON
650 _aCHESTER
650 _aOCCUPIERS
650 _aWREXHAM
690 _aPROPERTY-COMMERCIAL PROPERTY-COMMERCIAL PROPERTY MARKET
942 _n0
999 _c72054
_d72054